| 000 | 00689nam a2200193Ia 4500 | ||
|---|---|---|---|
| 003 | IN-BaIIA | ||
| 008 | 211028s9999 xx 000 0 eng d | ||
| 020 | _a90-227-2050-9 | ||
| 040 | _cIIA Library | ||
| 080 |
_a550.38 _bMAG |
||
| 245 | 0 |
_aMagnetism, planetary rotation and convection in the solar system _bretrospect and prospect in honour of Prof. S. K. Runcorn _cedited by W. O'Reilly |
|
| 260 |
_aDordrecht _bD. Reidel Publishing _c1985 |
||
| 300 | _axiv, 255p. | ||
| 650 | _aAstronomy and astrophysics thesaurus | ||
| 650 |
_aMagnetism _956 |
||
| 650 |
_aSolar magnetism rotation _915473 |
||
| 700 |
_aO'Reilly, W .,ed. _915474 |
||
| 942 | _cBK | ||
| 999 |
_c9211 _d9211 |
||